Подробности
| 000 -МАРКЕР |
| контрольное поле |
03380nam0a22004931 4500 |
| 001 - ИДЕНТИФИКАТОР ЗАПИСИ |
| контрольное поле |
v19\rc\2102838 |
| 005 - ИДЕНТИФИКАТОР ВЕРСИИ |
| контрольное поле |
20260408083755.0 |
| 035 ## - ДРУГИЕ СИСТЕМНЫЕ НОМЕРА |
| Идентификатор записи |
(NLR Aleph) 005281062 |
| 100 ## - ДАННЫЕ ОБЩЕЙ ОБРАБОТКИ |
| Данные общей обработки |
20090914d1809 |||y0rusy50 ca |
| 101 0# - ЯЗЫК РЕСУРСА |
| Язык текста, звукозаписи и т.д. |
русский |
| 102 ## - СТРАНА ПУБЛИКАЦИИ ИЛИ ПРОИЗВОДСТВА |
| Страна публикации |
Российская Федерация |
| 135 ## - ПОЛЕ КОДИРОВАННЫХ ДАННЫХ: ЭЛЕКТРОННЫЕ РЕСУРСЫ |
| Кодированные данные для электронного ресурса |
crcn 024anaba |
| 200 1# - ЗАГЛАВИЕ И СВЕДЕНИЯ ОБ ОТВЕТСТВЕННОСТИ |
| Основное заглавие |
Песнь российскому слову. |
| Первые сведения об ответственности |
Сочинил и читал в Императорской Российской академии член оныя князь Сергий Шихматов, по случаю принятия его в члены оной Академии |
| 210 ## - ПУБЛИКАЦИЯ, РАСПРОСТРАНЕНИЕ И ДР. |
| Место издания, распространения и т.д. |
В Санктпетербурге |
| Имя издателя, распространителя и т. д. |
печатано в Императорской типографии |
| Дата издания, распространения и т.д. |
1809 |
| 215 ## - ФИЗИЧЕСКАЯ ХАРАКТЕРИСТИКА |
| Специфическое обозначение материала и объем |
24 с. |
| Размеры |
8° |
| 316 ## - ПРИМЕЧАНИЯ ОБ ОСОБЕННОСТЯХ ЭКЗЕМПЛЯРА |
| Текст примечания |
Экз. РНБ (18.149.2.195) в сиреневой бумаж. обл. На 1-й с. обл. ярлык с шифром РНБ. На 2-й с. обл. пустой ярлык и ярлык со старым шифром. На тит .л. и с.24 круглый штамп ГПБ. Размер: 21,7х13,3х0,5 см |
| Организация и экземпляр, к которому относится поле |
NLR: 18.149.2.195 |
| 316 ## - ПРИМЕЧАНИЯ ОБ ОСОБЕННОСТЯХ ЭКЗЕМПЛЯРА |
| Текст примечания |
Экз. РНБ (18.393.4.32(4)) в конволюте. Припл. к: Стихотворения девицы Волковой. В Санктпетербурге, 1807 |
| Организация и экземпляр, к которому относится поле |
NLR: 18.393.4.32(4) |
| 317 ## - ПРИМЕЧАНИЯ О ПРОИСХОЖДЕНИИ ЭКЗЕМПЛЯРА |
| Текст примечания |
В экз. РНБ (18.149.2.195) на 2-й с. обл. дартсв. надпись авт.: "Его высокопревосходительсву господину действительному тайному советнику и кавалеру Гавриилу Романовичу Державину" |
| Организация и экземпляр, к которому относится поле |
NLR: 18.149.2.195 |
| 317 ## - ПРИМЕЧАНИЯ О ПРОИСХОЖДЕНИИ ЭКЗЕМПЛЯРА |
| Текст примечания |
Экз. РНБ (18.393.4.32(4)) с дарств. надписью Апостолу Александровичу Клендо на форзаце конволюта |
| Организация и экземпляр, к которому относится поле |
NLR: 18.393.4.32(4) |
| 325 ## - ПРИМЕЧАНИЕ О КОПИИ |
| Текст примечания |
Копия доступна в Электрон. б-ке РНБ |
| 620 ## - МЕСТО И ДАТА ПУБЛИКАЦИИ, ИСПОЛНЕНИЯ И Т. Д. |
| Страна |
Санкт-Петербург |
| 700 #1 - ИМЯ ЛИЦА - ПЕРВИЧНАЯ ОТВЕТСТВЕННОСТЬ |
| Материалы, к которым относится поле |
rus |
| Графика поля |
Кириллица |
| Начальный элемент ввода |
Шихматов |
| Часть имени, кроме начального элемента ввода |
С. А. |
| Даты |
1783-1837 |
| Расширение инициалов личного имени |
Сергей Александрович |
| Идентификатор авторитетной/нормативной записи |
RU\NLR\AUTH\7716936 |
| Системный номер авторитетной/нормативной записи |
28 |
| 702 ## - ИМЯ ЛИЦА - ВТОРИЧНАЯ ОТВЕТСТВЕННОСТЬ |
| Начальный элемент ввода |
Клендо |
| Часть имени, кроме начального элемента ввода |
А.А. |
| Расширение инициалов личного имени |
Апостол Александрович |
| Организация и экземпляр, к которому относится поле |
NLR: 18.393.4.32(4) |
| Код отношения |
Бывший владелец |
| 702 #1 - ИМЯ ЛИЦА - ВТОРИЧНАЯ ОТВЕТСТВЕННОСТЬ |
| Код отношения |
Бывший владелец |
| Материалы, к которым относится поле |
rus |
| Графика поля |
Кириллица |
| Начальный элемент ввода |
Державин |
| Часть имени, кроме начального элемента ввода |
Г. Р. |
| Даты |
1743-1816 |
| Расширение инициалов личного имени |
Гаврила Романович |
| Идентификатор авторитетной/нормативной записи |
RU\NLR\AUTH\773473 |
| Системный номер авторитетной/нормативной записи |
113469 |
| 712 02 - НАИМЕНОВАНИЕ ОРГАНИЗАЦИИ - ВТОРИЧНАЯ ОТВЕТСТВЕННОСТЬ |
| Код отношения |
Печатник (типограф) |
| Начальный элемент ввода |
Императорская типография Вейтбрехта |
| Идентифицирующий признак |
Петербург |
| Идентификатор авторитетной/нормативной записи |
RU\NLR\AUTH\8810171428 |
| Системный номер авторитетной/нормативной записи |
838690 |
| 790 #1 - ИМЯ ЛИЦА - АЛЬТЕРНАТИВНАЯ ФОРМА |
| Начальный элемент ввода |
Шихматов |
| Часть имени, кроме начального элемента ввода |
С. |
| Расширение инициалов личного имени |
Сергий |
| 801 #0 - ИСТОЧНИК ЗАПИСИ |
| Страна |
Российская Федерация |
| Организация |
NLR |
| Правила каталогизации |
psbo |
| 801 #1 - ИСТОЧНИК ЗАПИСИ |
| Страна |
Российская Федерация |
| Организация |
ProSoft-M |
| Источник данных |
rusmarc |
| 801 #2 - ИСТОЧНИК ЗАПИСИ |
| Страна |
Российская Федерация |
| Организация |
NLR |
| Дата составления |
20120214 |
| Источник данных |
rusmarc |
| 852 ## - МЕСТОНАХОЖДЕНИЕ И ШИФР ХРАНЕНИЯ |
| Идентификатор организации |
NLR |
| Шифр хранения (Call Number) |
18.149.2.195 |
| 852 ## - МЕСТОНАХОЖДЕНИЕ И ШИФР ХРАНЕНИЯ |
| Идентификатор организации |
NLR |
| Шифр хранения (Call Number) |
18.393.4.32(4) |
| 942 ## - ДОПОЛНИТЕЛЬНЫЕ ЭЛЕМЕНТЫ ЗАПИСИ (АБИС) |
| Тип экземпляра АБИС |
Книга |
| 980 ## - КОЛЛЕКЦИЯ |
| Название коллекции |
Национальная библиография |
| 980 3# - КОЛЛЕКЦИЯ |
| Название коллекции |
|
| 980 3# - КОЛЛЕКЦИЯ |
| Название коллекции |
|
| 980 3# - КОЛЛЕКЦИЯ |
| Название коллекции |
|
| 981 33 - КОЛЛЕКЦИЯ ЭЛЕКТРОННОЙ БИБЛИОТЕКИ |
| Название коллекции |
Художественная литература |
| Название подколлекции |
1. Отечественная литература |
| 981 20 - КОЛЛЕКЦИЯ ЭЛЕКТРОННОЙ БИБЛИОТЕКИ |
| Название коллекции |
Книжные памятники РНБ |
| Название подколлекции |
Русский книжный фонд |